Normal view
MARC view
Entry Personal Name
001 - CONTROL NUMBER
- control field: 941559
003 - CONTROL NUMBER IDENTIFIER
- control field: OSt
005 - DATE AND TIME OF LATEST TRANSACTION
- control field: 20260121110047.0
008 - FIXED-LENGTH DATA ELEMENTS
- fixed length control field: 260121|| aca||aabn | a|a d
040 ## - CATALOGING SOURCE
- Original cataloging agency: OSt
- Transcribing agency: OSt
100 ## - HEADING--PERSONAL NAME
- Personal name: पुनीत लाम्बा / Puneet Lamba
670 ## - SOURCE DATA FOUND
- Source citation: Work cat.: (OSt)1533224: पुनीत लाम्बा / Puneet Lamba, ठोस अवस्था एवं नाभिकीय भौतिकी / Thos Avasta aur Nabikiya Bhoutiki, 2020
